[Event "Zirndorf-ch"]
[Site "Zirndorf"]
[Date "2005.11.04"]
[Round "3"]
[White "Siebenkaes, Helmut"]
[Black "Szatala, Erich"]
[Result "1/2-1/2"]
[WhiteElo "1405"]
[BlackElo "1433"]
[PlyCount "80"]
[EventDate "2005.10.14"]
[EventType "swiss"]
[EventRounds "7"]
[EventCountry "GER"]
[SourceTitle "EXT 2007"]
[Source "ChessBase"]
[SourceDate "2006.11.23"]
[SourceVersion "1"]
[SourceVersionDate "2006.11.23"]
[SourceQuality "1"]

1. d4 d5 2. c4 e6 3. e3 Nf6 4. Nc3 a6 5. a3 Be7 6. Nf3 Nbd7 7. Bd2 h6 8. Qc2 Nf8 9. c5 N8h7 10. Bd3 g5 11. Ne5 Bf8 12. h3 Bg7 13. Ne2 Nf8 14. Ng3 Bd7 15. a4 h5 16. b4 h4 17. Nf1 Bc8 18. Nh2 N6d7 19. Nxd7 Bxd7 20. Nf3 f5 21. Qb1 Ng6 22. g4 hxg3 23. fxg3 g4 24. Ng1 gxh3 25. Rxh3 Kf7 26. Kd1 Rxh3 27. Nxh3 Bf6 28. Kc2 Qh8 29. Qf1 Qh7 30. Qg2 Rh8 31. Nf4 Qh2 32. Qxh2 Rxh2 33. Kc3 Rf2 34. b5 a5 35. Rf1 Rxf1 36. Bxf1 Kg7 37. Kb3 b6 38. c6 Be8 39. Nxe6+ Kf7 40. Nxc7 Bd8 1/2-1/2

[Event "Zirndorf-ch"]
[Site "Zirndorf"]
[Date "2005.10.28"]
[Round "2"]
[White "Keller, Wendel"]
[Black "Siebenkaes, Helmut"]
[Result "1/2-1/2"]
[WhiteElo "1574"]
[BlackElo "1405"]
[PlyCount "69"]
[EventDate "2005.10.14"]
[EventType "swiss"]
[EventRounds "7"]
[EventCountry "GER"]
[SourceTitle "EXT 2007"]
[Source "ChessBase"]
[SourceDate "2006.11.23"]
[SourceVersion "1"]
[SourceVersionDate "2006.11.23"]
[SourceQuality "1"]

1. d4 d5 2. c4 dxc4 3. Nc3 a6 4. Qa4+ c6 5. Qxc4 e6 6. e4 b5 7. Qd3 Bb7 8. Nf3 Nf6 9. a3 h6 10. Qc2 c5 11. dxc5 Bxc5 12. h3 Nc6 13. Bf4 0-0 14. Rd1 Qb6 15. Bd3 Rfe8 16. 0-0 Rad8 17. b4 Bd4 18. Nxd4 Nxd4 19. Qb2 Qc6 20. Be5 Nh7 21. f3 Qb6 22. Kh1 f6 23. Bg3 e5 24. Bf2 Nf8 25. Bb1 Nfe6 26. Ba2 Rd6 27. Nd5 Qd8 28. Rfe1 Kh8 29. Rc1 Bxd5 30. Bxd5 Nf4 31. Qd2 Nb3 32. Qc2 Nxc1 33. Rxc1 Nxd5 34. exd5 Rxd5 35. Kh2 1/2-1/2